GIMS - BABY [paroles] - Statistiques

Statistiques générales
  • Ce quiz a été pris 14 fois
  • Le résultat moyen est 46 sur 84
Statistiques - réponses
Réponse % Correct
baby
100%
b-b-b-baby
100%
je
100%
de
91%
la
91%
91%
foi
82%
fois
82%
fois)
82%
première
82%
quand
82%
serai
82%
à
73%
charme
73%
comme
73%
dernière
73%
(dernière
73%
dis
73%
moi
73%
tes
73%
toi
73%
toujours
73%
tous
73%
tout
73%
une
73%
yeux
73%
brûlant
64%
j’me
64%
j’vois
64%
ne
64%
peut-être
64%
plein
64%
pour
64%
l’amour
55%
mon
55%
on
55%
pas
55%
allez
45%
ces
45%
contre
45%
dans
45%
endroits
45%
ensemble
45%
est
45%
évité
45%
j’aurais
45%
les
45%
mais
45%
me
45%
achever
36%
(ah)
36%
ah)
36%
ah
36%
(ah
36%
bras
36%
clés
36%
cœur
36%
contenterai
36%
c’qui
36%
crois
36%
d’être
36%
énième
36%
entrer
36%
hantée
36%
j’avais
36%
j’repense
36%
j’t’ai
36%
laissé
36%
l’dis
36%
m’abandonne
36%
maintenant
36%
maison
36%
nous
36%
oh
36%
oh)
36%
(oh
36%
ouvert
36%
perdu
36%
qu’c’est
36%
sens
36%
seul
36%
suffit
36%
t’as
36%
va
36%
Aucun quiz correspondant
Distribution des résultats
% des personnes avec chaque résultat
Percentile par nombre de réponses
Votre historique - résultats
Vous n’avez pas pris ce quiz